| 000 | 00470nam a2200181Ia 4500 | ||
|---|---|---|---|
| 003 | LK-CoDNM | ||
| 005 | 20240123112436.0 | ||
| 008 | 010623t1939 xxu||||| |||| 00| 1 sin d | ||
| 040 |
_aLK-CoDNM _dLK-CoDNM _eLK-CoDNM |
||
| 041 | _asin | ||
| 080 |
_a104 _bL 16 |
||
| 245 | _aශ්රීපාද වර්නනාව | ||
| 246 | _aSri Pada Varnanaawa | ||
| 260 |
_bP.W Gunasekara _aMaskeliya _c1939 |
||
| 300 | _b28p, 21 cm | ||
| 650 | _aSri Padaya | ||
| 942 | _cBK | ||
| 999 |
_c99479 _d99479 |
||